00443nam a2200157 a 4500020001800000082001900018100002000037245004700057260003800104300000900142500003500151505001000186650002900196650004000225700002000265 a8171540 00a322.10973bWAL aWald, Kenneth D aReligion and Politics in the United States aBombay bPopular Prakashan c1992 a380p aincludes index and biblioraphy2 aIndex aSecularism-United States aReligion and Politics-United States1 aWald, Kenneth D